| 000 | 00400 a2200157 4500 | ||
|---|---|---|---|
| 001 | 154752 | ||
| 040 | _cEscola São Tomás de Aquino | ||
| 100 | _aPAES, José Paulo | ||
| 240 | 1 | 0 |
_aHistória do Brasil na poesia de José Paulo Paes _lpor |
| 245 | 1 | 0 | _aHistória do Brasil na poesia de José Paulo Paes |
| 300 | _a47 | ||
| 362 | 0 | _a2006 | |
| 440 | 1 | _aGlobal | |
| 697 | _aHISTÓRIA | ||
| 942 | _cBK | ||
| 999 |
_c154752 _d154752 |
||